| 000 | 01036cam a2200229 4500 | ||
|---|---|---|---|
| 001 | L127382 | ||
| 008 | 040914n2005 000 0 eng u | ||
| 020 | _a1405129727 | ||
| 035 | _a(Sirsi) u127382 | ||
| 041 | _aeng | ||
| 050 |
_a690 _c21 |
||
| 100 | _aAnumba, Chimay J. | ||
| 245 | _aKnowledge management in construction | ||
| 260 |
_aOxford _bBlackwells _c2005 |
||
| 350 | _a49.50 | ||
| 520 | _aDiscusses the concepts of knowledge management in relation to the construction industry's management of construction projects. Provides practical guidance on the implementation of knowledge management and how this can benefit organisations and projects. Covers basic definitions and fundamental concepts, the role of information technology and knowledge sharing. Includes practical examples from construction and other industry sectors. | ||
| 590 | _aIKA020805 | ||
| 690 | _aMANAGEMENT-BUSINESS MANAGEMENT-INFORMATION MANAGEMENT-KNOWLEDGE MANAGEMENT | ||
| 700 | _aEdbu, Charles | ||
| 700 | _aCarrillo, Patricia | ||
| 942 | _n0 | ||
| 999 |
_c103768 _d103768 |
||